000 00973nam a2200289 a 4500
001 5807
003 BD-RjUL
005 20211208234131.0
008 140107s1994 ii a b 001 0 eng
020 _z8171006003
035 _a(BD-RjUL)5846
040 _aDLC
_cDLC
_beng
_dBD-RjUL
041 _aeng
082 0 4 _223
_a320.80954
_bSHG 1994
100 1 _aSharma, Shakuntla,
_918247
245 1 0 _aGrass root politics and Panchayati raj /
_cShakuntla Sharma , foreword by Gopal Singh.
260 _aNew Delhi :
_bDeep & Deep Publications,
_c1994.
300 _axii, 319 p. :
_c22 cm.
_bill. ;
500 _aSpine title: Grassroot politics and Panchayati raj.
504 _aIncludes bibliographical references and index.
650 0 _aPanchayat
_zIndia.
_918240
650 0 _aLocal government
_zIndia.
_918248
651 0 _aIndia
_xPolitics and government
_y1947-
_918249
740 0 _aGrassroot politics and Panchayati raj.
942 _2ddc
_cBK
999 _c5807
_d5807